| 000 | 00368nam a2200121Ia 4500 | ||
|---|---|---|---|
| 008 | 210430s9999 xx 000 0 und d | ||
| 082 | _a001.422 W151 P | ||
| 100 |
_aRonald E. Walpole _954838 |
||
| 245 |
_aprobability and statistic for engineers and scientists _cRonald E. Walpole |
||
| 260 |
_aIndia _bDorling kindersley _c2007 |
||
| 300 | _a839 p | ||
| 942 |
_cBK _2ddc |
||
| 999 |
_c565605 _d565605 |
||